[Event "Armenia Quindio-ch"]
[Site "Armenia"]
[Date "2024.06.16"]
[Round "6"]
[White "Soto Ramirez, Andres Camilo"]
[Black "Agudelo, Carlos Hernan"]
[Result "1-0"]
[WhiteElo "1930"]
[BlackElo "1947"]
[PlyCount "77"]
[EventDate "2024.06.15"]
[EventType "swiss"]
[EventRounds "6"]
[EventCountry "COL"]
[SourceTitle "CBM 220 Extra"]
[Source "ChessBase"]
[SourceDate "2024.07.31"]
[SourceVersion "1"]
[SourceVersionDate "2024.07.31"]
[SourceQuality "1"]

1. e4 Nc6 2. Nf3 d5 3. exd5 Qxd5 4. Nc3 Qd8 5. Bb5 Bd7 6. d4 e6 7. 0-0 Nf6 8. d5 exd5 9. Nxd5 Be6 10. Nxf6+ Qxf6 11. Bg5 Qf5 12. Bxc6+ bxc6 13. Qd2 Bc5 14. b4 Bb6 15. Rfe1 Qd5 16. Qf4 0-0 17. Qg3 Qf5 18. c4 c5 19. bxc5 Ba5 20. Nd4 Qg6 21. Nc6 Kh8 22. Nxa5 Rab8 23. Be7 Qxg3 24. hxg3 Rfe8 25. Rab1 Rxb1 26. Rxb1 h6 27. Bd6 cxd6 28. cxd6 Rc8 29. Rd1 Kg8 30. Nb7 Rxc4 31. d7 Bxd7 32. Rxd7 Rc1+ 33. Kh2 Rc2 34. a4 Rxf2 35. Nd8 a6 36. Ra7 Rf6 37. Nb7 Rc6 38. Ra8+ Kh7 39. Rd8 1-0

[Event "Armenia Quindio-ch"]
[Site "Armenia"]
[Date "2024.06.15"]
[Round "3"]
[White "Alpala Taimal, Jhorman Steven"]
[Black "Agudelo, Carlos Hernan"]
[Result "0-1"]
[WhiteElo "1433"]
[BlackElo "1947"]
[PlyCount "36"]
[EventDate "2024.06.15"]
[EventType "swiss"]
[EventRounds "6"]
[EventCountry "COL"]
[SourceTitle "CBM 220 Extra"]
[Source "ChessBase"]
[SourceDate "2024.07.31"]
[SourceVersion "1"]
[SourceVersionDate "2024.07.31"]
[SourceQuality "1"]

1. e4 c5 2. Nc3 e6 3. Nf3 a6 4. Bc4 b5 5. Be2 Bb7 6. d3 b4 7. Na4 Bc6 8. Nxc5 Bxc5 9. d4 Bb6 10. 0-0 Bxe4 11. Ng5 Bg6 12. Bf3 d5 13. Bh5 Nf6 14. Bxg6 hxg6 15. Nf3 Nc6 16. Bg5 Qd6 17. Qe1 Nxd4 18. Nxd4 Qxh2# 0-1

[Event "COL-ch sf"]
[Site "Pereira"]
[Date "2024.03.30"]
[Round "9"]
[White "Perez Arroyave, Damian"]
[Black "Agudelo, Carlos Hernan"]
[Result "1-0"]
[WhiteElo "1861"]
[BlackElo "1963"]
[PlyCount "39"]
[EventDate "2024.03.26"]
[EventType "swiss"]
[EventRounds "11"]
[EventCountry "COL"]
[SourceTitle "CBM 219 Extra"]
[Source "ChessBase"]
[SourceDate "2024.05.31"]
[SourceVersion "1"]
[SourceVersionDate "2024.05.31"]
[SourceQuality "1"]

1. e4 Nc6 2. d4 d5 3. e5 Bf5 4. Nf3 e6 5. Bd3 Bxd3 6. Qxd3 Qd7 7. c3 a5 8. Nbd2 a4 9. Nf1 Ra6 10. Ng3 Na7 11. 0-0 Qb5 12. Qc2 f5 13. exf6 gxf6 14. Bf4 Kd8 15. Ne5 Qe8 16. Rfe1 Ne7 17. Nd3 Qg6 18. Qd2 Nf5 19. Rac1 Rg8 20. Bxc7+ 1-0

[Event "COL-ch sf"]
[Site "Pereira"]
[Date "2024.03.29"]
[Round "6"]
[White "Valencia Escobar, Dario"]
[Black "Agudelo, Carlos Hernan"]
[Result "0-1"]
[WhiteElo "1821"]
[BlackElo "1963"]
[PlyCount "82"]
[EventDate "2024.03.26"]
[EventType "swiss"]
[EventRounds "11"]
[EventCountry "COL"]
[SourceTitle "CBM 219 Extra"]
[Source "ChessBase"]
[SourceDate "2024.05.31"]
[SourceVersion "1"]
[SourceVersionDate "2024.05.31"]
[SourceQuality "1"]

1. e4 c5 2. Nc3 e6 3. Nf3 a6 4. a4 d6 5. Bc4 Nf6 6. d4 cxd4 7. Nxd4 Be7 8. 0-0 0-0 9. Ba2 Nc6 10. Re1 Qc7 11. Bg5 Bd7 12. Re3 Rac8 13. Nxc6 Bxc6 14. Qe2 Rfd8 15. Rd1 Kf8 16. Rh3 h6 17. Bf4 Qa5 18. Bb3 d5 19. exd5 Nxd5 20. Nxd5 Bxd5 21. Bxd5 Rxd5 22. Rxd5 Qxd5 23. b3 Qf5 24. Rf3 Qxc2 25. Qxc2 Rxc2 26. Rd3 e5 27. Be3 f5 28. g3 Ke8 29. Rd5 Bf6 30. Rd6 Rc6 31. Rxc6 bxc6 32. Kf1 Kd7 33. Ke2 Ke6 34. f3 Kd5 35. Bb6 Be7 36. h4 g6 37. Be3 h5 38. Kd3 Bb4 39. Bf2 c5 40. Ke3 c4 41. bxc4+ Kxc4 0-1

[Event "Pereira GP op 2nd"]
[Site "Pereira"]
[Date "2023.10.22"]
[Round "5"]
[White "Zapata Sanchez, Carlos Mario"]
[Black "Agudelo, Carlos Hernan"]
[Result "0-1"]
[WhiteElo "1421"]
[BlackElo "1953"]
[PlyCount "70"]
[EventDate "2023.10.21"]
[EventType "swiss"]
[EventRounds "6"]
[EventCountry "COL"]
[SourceTitle "CBM 216 Extra"]
[Source "ChessBase"]
[SourceDate "2023.11.30"]
[SourceVersion "1"]
[SourceVersionDate "2023.11.30"]
[SourceQuality "1"]

1. d4 Nf6 2. Bf4 c5 3. e3 g6 4. Nf3 Bg7 5. h3 0-0 6. c3 cxd4 7. exd4 Qb6 8. Qb3 Qxb3 9. axb3 d6 10. Be2 Nc6 11. 0-0 e5 12. dxe5 Nd5 13. Bg3 dxe5 14. Bc4 Nb6 15. Nbd2 Kh8 16. Rfe1 f6 17. b4 Nxc4 18. Nxc4 Be6 19. Na3 Rfd8 20. Rad1 Bb3 21. Rd2 Bh6 22. Rxd8+ Rxd8 23. Kf1 Bd1 24. Nc4 Bb3 25. Na3 a6 26. Ke2 a5 27. b5 Na7 28. c4 a4 29. Bh2 b6 30. g4 e4 31. Ng1 Nc8 32. f4 f5 33. Ke3 Bf8 34. Rc1 Bb4 35. Re1 Bxe1 0-1

[Event "Pereira GP op 2nd"]
[Site "Pereira"]
[Date "2023.10.21"]
[Round "3"]
[White "Burbano Rodriguez, Angel Gabriel"]
[Black "Agudelo, Carlos Hernan"]
[Result "0-1"]
[WhiteElo "1357"]
[BlackElo "1953"]
[PlyCount "88"]
[EventDate "2023.10.21"]
[EventType "swiss"]
[EventRounds "6"]
[EventCountry "COL"]
[SourceTitle "CBM 216 Extra"]
[Source "ChessBase"]
[SourceDate "2023.11.30"]
[SourceVersion "1"]
[SourceVersionDate "2023.11.30"]
[SourceQuality "1"]

1. e4 Nc6 2. Nf3 d5 3. exd5 Qxd5 4. Nc3 Qd8 5. h3 Nf6 6. Bc4 e6 7. d3 Na5 8. Bb3 Nxb3 9. axb3 Nd5 10. Bd2 Be7 11. 0-0 Nxc3 12. Bxc3 0-0 13. Ra4 f6 14. Nh2 e5 15. f4 Bd7 16. Re4 Bc6 17. Ree1 exf4 18. Rxf4 Bd6 19. Rd4 Bc5 20. Qg4 h5 21. Qe6+ Rf7 22. Qc4 Qd5 23. Qxd5 Bxd5 24. Kf1 Bxd4 25. Bxd4 Rd7 26. Bc3 Kf7 27. Kg1 Re8 28. Rf1 Re2 29. Rf2 Rde7 30. Kf1 Rxf2+ 31. Kxf2 c5 32. Nf1 Be6 33. Ne3 b5 34. d4 b4 35. d5 bxc3 36. dxe6+ Kxe6 37. bxc3 Rd7 38. Nc4 Rd1 39. Ke2 Rd8 40. Kf3 g5 41. g4 Rh8 42. gxh5 Rxh5 43. Kg4 Rh4+ 44. Kg3 Rxc4 0-1

[Event "Pereira op"]
[Site "Pereira"]
[Date "2023.09.24"]
[Round "6"]
[White "Ojeda Mujica, Gelmer Geovany"]
[Black "Agudelo, Carlos Hernan"]
[Result "1/2-1/2"]
[WhiteElo "1721"]
[BlackElo "1951"]
[PlyCount "32"]
[EventDate "2023.09.23"]
[EventType "swiss"]
[EventRounds "6"]
[EventCountry "COL"]
[SourceTitle "CBM 216 Extra"]
[Source "ChessBase"]
[SourceDate "2023.11.30"]
[SourceVersion "1"]
[SourceVersionDate "2023.11.30"]
[SourceQuality "1"]

1. e4 c5 2. Nf3 e6 3. d4 cxd4 4. Nxd4 Nf6 5. Nc3 Bb4 6. Bd3 d5 7. exd5 Nxd5 8. Bd2 Nxc3 9. bxc3 Be7 10. 0-0 Nd7 11. Re1 Nc5 12. Bc4 a6 13. Qf3 0-0 14. Rad1 Bg5 15. Re5 Bxd2 16. Rxc5 Qb6 1/2-1/2

[Event "Pereira op"]
[Site "Pereira"]
[Date "2023.09.23"]
[Round "3"]
[White "Agudelo, Carlos Hernan"]
[Black "Montilla Reyes, Jorcerys"]
[Result "0-1"]
[WhiteElo "1951"]
[BlackElo "2183"]
[PlyCount "110"]
[EventDate "2023.09.23"]
[EventType "swiss"]
[EventRounds "6"]
[EventCountry "COL"]
[SourceTitle "CBM 216 Extra"]
[Source "ChessBase"]
[SourceDate "2023.11.30"]
[SourceVersion "1"]
[SourceVersionDate "2023.11.30"]
[SourceQuality "1"]

1. e4 c5 2. f4 Nc6 3. Nf3 g6 4. Bc4 Bg7 5. 0-0 d6 6. a3 Nf6 7. Nc3 0-0 8. d3 e6 9. Ba2 d5 10. Qe2 Nd4 11. Qd1 Rb8 12. e5 Nd7 13. Ne2 Nxf3+ 14. Rxf3 f6 15. exf6 Nxf6 16. c3 b6 17. d4 Ba6 18. h3 Ne4 19. Be3 Qd7 20. Ng3 cxd4 21. cxd4 Nd6 22. Bf2 Nc4 23. b4 Bh6 24. Ne2 Nd6 25. g3 Ne4 26. Be3 Rbc8 27. Bb3 Rc7 28. Rc1 Rxc1 29. Nxc1 Rc8 30. g4 Rc3 31. a4 Bc4 32. Bc2 b5 33. a5 Qd6 34. Nd3 Bxd3 35. Bxd3 Qxb4 36. Qe2 Bg7 37. Kg2 a6 38. f5 exf5 39. gxf5 Qb3 40. Bd2 Rxd3 41. Rxd3 Qc4 42. fxg6 hxg6 43. Be3 b4 44. Qd1 Qa2+ 45. Kg1 Qxa5 46. Qb3 Qb5 47. Qb1 a5 48. Bc1 Qc4 49. Be3 a4 50. Rd1 a3 51. Rc1 a2 52. Qb2 Nc3 53. Kh1 Qe2 54. Qxe2 Nxe2 55. Rc8+ Kh7 0-1

[Event "Pereira op"]
[Site "Pereira"]
[Date "2023.09.23"]
[Round "2"]
[White "Agudelo Zapata, Yarli Alejandra"]
[Black "Agudelo, Carlos Hernan"]
[Result "0-1"]
[WhiteElo "1492"]
[BlackElo "1951"]
[PlyCount "30"]
[EventDate "2023.09.23"]
[EventType "swiss"]
[EventRounds "6"]
[EventCountry "COL"]
[SourceTitle "CBM 216 Extra"]
[Source "ChessBase"]
[SourceDate "2023.11.30"]
[SourceVersion "1"]
[SourceVersionDate "2023.11.30"]
[SourceQuality "1"]

1. d4 Nf6 2. c4 c5 3. e3 g6 4. d5 e6 5. Nc3 exd5 6. cxd5 d6 7. Nf3 Bg7 8. Nd2 0-0 9. Be2 b6 10. 0-0 Na6 11. Re1 Nc7 12. Nc4 b5 13. Na5 b4 14. Nb5 Nxb5 15. Qa4 Nc7 0-1

[Event "COL-chT"]
[Site "Santa Marta"]
[Date "2022.11.04"]
[Round "5.1"]
[White "Agudelo, Carlos Hernan"]
[Black "Zambrano Erazo, Esteban Santiago"]
[Result "0-1"]
[WhiteElo "2007"]
[BlackElo "1501"]
[PlyCount "44"]
[EventDate "2022.11.02"]
[EventType "team-swiss"]
[EventRounds "7"]
[EventCountry "COL"]
[SourceTitle "CBM 211 Extra"]
[Source "ChessBase"]
[SourceDate "2023.01.31"]
[SourceVersion "1"]
[SourceVersionDate "2023.01.31"]
[SourceQuality "1"]
[WhiteTeam "Quindio"]
[BlackTeam "Narino II"]
[WhiteTeamCountry "COL"]
[BlackTeamCountry "COL"]

1. Nf3 d5 2. b3 Nf6 3. Bb2 Nbd7 4. e3 b6 5. Bb5 Bb7 6. 0-0 a6 7. Be2 e6 8. d4 Be7 9. c4 0-0 10. Nc3 c5 11. Qd2 Rc8 12. Rac1 dxc4 13. bxc4 cxd4 14. exd4 Bxf3 15. Bxf3 Ne5 16. Bb7 Nxc4 17. Qe2 Rc7 18. Bxa6 Nxb2 19. Qxb2 Qxd4 20. Rfd1 Qe5 21. h3 Qa5 22. Bf1 Ba3 0-1

[Event "Quindio Region-ch Amateur"]
[Site "Armenia"]
[Date "2020.02.17"]
[Round "4.4"]
[White "Cubillos, Carlos Alberto"]
[Black "Agudelo, Carlos Hernan"]
[Result "0-1"]
[WhiteElo "1722"]
[BlackElo "2008"]
[PlyCount "82"]
[EventDate "2020.02.15"]
[EventType "swiss"]
[EventRounds "7"]
[EventCountry "COL"]
[SourceTitle "EXT 2024"]
[Source "ChessBase"]
[SourceDate "2023.10.10"]
[SourceVersion "1"]
[SourceVersionDate "2023.10.10"]
[SourceQuality "1"]

1. c4 c5 2. Nc3 Nc6 3. Nf3 Nf6 4. d3 e5 5. h3 h6 6. a3 d5 7. cxd5 Nxd5 8. Nxd5 Qxd5 9. e4 Qd6 10. Be2 Be7 11. 0-0 Be6 12. Be3 0-0 13. Rc1 b6 14. Nh2 Nd4 15. f4 Rad8 16. f5 Bb3 17. Qd2 Nxe2+ 18. Qxe2 Qxd3 19. Qf3 Bg5 20. Rc3 Bxe3+ 21. Kh1 Bd1 22. Qxe3 Qxe3 23. Rxe3 f6 24. Rf2 Ba4 25. Nf1 Rd1 26. Kh2 Rfd8 27. g4 Bb5 28. Kg2 Rb1 29. Ng3 Rbd1 30. Rc3 R8d4 31. h4 Bc6 32. Re3 Bb5 33. Rc3 Re1 34. Kf3 Bd3 35. Rxd3 Rxd3+ 36. Kg2 Ree3 37. Nf1 Rxe4 38. Nh2 Red4 39. g5 hxg5 40. hxg5 fxg5 41. Nf3 Rf4 0-1

[Event "Quindio Region-ch Amateur"]
[Site "Armenia"]
[Date "2020.02.15"]
[Round "2.2"]
[White "Nieto Restrepo, Jaime Andres"]
[Black "Agudelo, Carlos Hernan"]
[Result "0-1"]
[WhiteElo "1580"]
[BlackElo "2008"]
[PlyCount "120"]
[EventDate "2020.02.15"]
[EventType "swiss"]
[EventRounds "7"]
[EventCountry "COL"]
[SourceTitle "EXT 2024"]
[Source "ChessBase"]
[SourceDate "2023.10.10"]
[SourceVersion "1"]
[SourceVersionDate "2023.10.10"]
[SourceQuality "1"]

1. e4 c6 2. d4 d5 3. exd5 cxd5 4. Nf3 Nf6 5. Bd3 g6 6. 0-0 Bg7 7. Ne5 0-0 8. Nd2 Nc6 9. Nxc6 bxc6 10. c3 Qb6 11. Re1 Re8 12. Nf3 Nd7 13. Qb3 Qc7 14. c4 Rb8 15. Qc2 Ba6 16. cxd5 Bxd3 17. Qxd3 cxd5 18. Rb1 e6 19. g3 Qa5 20. a3 Qa4 21. b3 Qa5 22. a4 Nf6 23. Bd2 Qb6 24. Ne5 Rec8 25. b4 Rb7 26. Rec1 Rbc7 27. Rc5 Ne4 28. Nd7 Nxc5 29. Nxc5 Re7 30. f4 f6 31. Kg2 Qd6 32. Rd1 Rd8 33. b5 Rf7 34. Qe2 Re8 35. Nd3 Qa3 36. Nc5 e5 37. Qf3 Qxf3+ 38. Kxf3 exd4 39. Ba5 f5 40. b6 Bf8 41. Nd3 Re3+ 42. Kf2 Rb7 43. bxa7 Rxa7 44. Bb6 Rxa4 45. Bxd4 Re4 46. Be5 Ra2+ 47. Kf3 d4 48. Nf2 Re3+ 49. Kg2 Bg7 50. Rxd4 Bxe5 51. fxe5 g5 52. Rd1 Ree2 53. Rf1 Rxe5 54. g4 f4 55. h4 h6 56. hxg5 hxg5 57. Kf3 Re3+ 58. Kg2 Rg3+ 59. Kh1 Kg7 60. Kh2 Rxg4 0-1

[Event "Olympiad qual Quindio 3rd"]
[Site "Armenia"]
[Date "2018.05.12"]
[Round "1.2"]
[White "Salazar Florez, Kleverman"]
[Black "Agudelo, Carlos Hernan"]
[Result "0-1"]
[WhiteElo "1585"]
[BlackElo "2044"]
[PlyCount "29"]
[EventDate "2018.05.12"]
[EventType "swiss"]
[EventRounds "5"]
[EventCountry "COL"]
[SourceTitle "EXT 2024"]
[Source "ChessBase"]
[SourceDate "2023.10.10"]
[SourceVersion "1"]
[SourceVersionDate "2023.10.10"]
[SourceQuality "1"]

1. e4 c5 2. Nc3 e6 3. d3 d5 4. Bd2 Nf6 5. Qe2 Nc6 6. 0-0-0 Nd4 7. Qe1 b5 8. exd5 b4 9. dxe6 bxc3 10. exf7+ Kxf7 11. Bxc3 Be6 12. Ne2 Rc8 13. h3 Nxe2+ 14. Bxe2 Qe7 15. Bf3 0-1

[Event "COL-ch sf 2nd"]
[Site "Tunja"]
[Date "2018.04.20"]
[Round "7"]
[White "Agudelo, Carlos Hernan"]
[Black "Lopez Gonzalez, Carlos Andres"]
[Result "1-0"]
[WhiteElo "2044"]
[BlackElo "1749"]
[PlyCount "69"]
[EventDate "2018.04.17"]
[EventType "swiss"]
[EventRounds "10"]
[EventCountry "COL"]
[SourceTitle "CBM 184 Extra"]
[Source "ChessBase"]
[SourceDate "2018.06.28"]
[SourceVersion "1"]
[SourceVersionDate "2018.06.28"]
[SourceQuality "1"]

1. e4 c5 2. c4 Nc6 3. Nc3 g6 4. g3 Bg7 5. Bg2 d6 6. Nge2 e5 7. 0-0 Nge7 8. d3 0-0 9. Bg5 f5 10. Qd2 Qc7 11. Bh6 Nd4 12. Bxg7 Kxg7 13. Rae1 Qa5 14. f4 Bd7 15. exf5 Bxf5 16. Bxb7 Rab8 17. Bg2 Bg4 18. Nc1 Nec6 19. h3 Bd7 20. b3 exf4 21. gxf4 Rbe8 22. Re4 Bf5 23. Rxe8 Rxe8 24. Re1 Rxe1+ 25. Qxe1 Bxh3 26. Bxc6 Nxc6 27. Kh2 Bd7 28. N1e2 Bg4 29. Qa1 Kh6 30. Ng3 Nd4 31. Kg2 Qb4 32. Kf2 Qa5 33. Nce4 Bf3 34. Qb2 Qd8 35. Ng5 1-0

[Event "COL-ch sf 2nd"]
[Site "Tunja"]
[Date "2018.04.18"]
[Round "2"]
[White "Agudelo, Carlos Hernan"]
[Black "Hernandez, Cristian Andres"]
[Result "0-1"]
[WhiteElo "2044"]
[BlackElo "2322"]
[PlyCount "46"]
[EventDate "2018.04.17"]
[EventType "swiss"]
[EventRounds "10"]
[EventCountry "COL"]
[SourceTitle "CBM 184 Extra"]
[Source "ChessBase"]
[SourceDate "2018.06.28"]
[SourceVersion "1"]
[SourceVersionDate "2018.06.28"]
[SourceQuality "1"]

1. Nf3 c5 2. c4 Nc6 3. Nc3 g6 4. e4 Bg7 5. d3 d6 6. h3 e5 7. Bg5 Qd7 8. Nd5 h6 9. Bd2 Nge7 10. Nxe7 Qxe7 11. g3 0-0 12. Bg2 f5 13. Nh4 Qf6 14. exf5 gxf5 15. 0-0 f4 16. Qh5 Nd4 17. gxf4 exf4 18. Bd5+ Be6 19. Ng6 Bxd5 20. Qxd5+ Rf7 21. Nxf4 Re8 22. Rae1 Re5 23. Qh1 Qg5+ 0-1

[Event "COL-ch sf 2nd"]
[Site "Tunja"]
[Date "2018.04.18"]
[Round "3"]
[White "Ospina Castro, Santiago"]
[Black "Agudelo, Carlos Hernan"]
[Result "0-1"]
[WhiteElo "1707"]
[BlackElo "2044"]
[PlyCount "110"]
[EventDate "2018.04.17"]
[EventType "swiss"]
[EventRounds "10"]
[EventCountry "COL"]
[SourceTitle "CBM 184 Extra"]
[Source "ChessBase"]
[SourceDate "2018.06.28"]
[SourceVersion "1"]
[SourceVersionDate "2018.06.28"]
[SourceQuality "1"]

1. e4 c5 2. Nc3 e6 3. f4 Ne7 4. Nf3 d5 5. d3 dxe4 6. dxe4 Qxd1+ 7. Nxd1 Nbc6 8. g3 Bd7 9. Bg2 0-0-0 10. 0-0 Nb4 11. Ne3 Bb5 12. c4 Bc6 13. Ne5 Be8 14. a3 Nd3 15. Nxd3 Rxd3 16. Rd1 Rxd1+ 17. Nxd1 Ba4 18. Be3 Nc6 19. Nf2 Be7 20. b4 Rd8 21. Bxc5 Bxc5 22. bxc5 Nd4 23. e5 Nc2 24. Rc1 Ne3 25. Bf3 Nf5 26. Ne4 Rd3 27. Bg4 Nd4 28. Nd6+ Kd7 29. Nxb7 g6 30. Rb1 h5 31. Bh3 Nf3+ 32. Kf2 Bc6 33. Na5 Be4 34. c6+ Kc8 35. Rb7 Rxa3 36. Rxf7 Nd4 37. Nb7 Bxc6 38. Nc5 Ra2+ 39. Ke3 Rxh2 40. Kxd4 Rxh3 41. Nxe6 Kb8 42. Kc5 Ba4 43. Nd4 Rxg3 44. Nc6+ Kc8 45. e6 Re3 46. e7 Kd7 47. Ne5+ Ke6 48. Rg7 Be8 49. Nxg6 Kf6 50. Rg8 Bxg6 51. f5 Bf7 52. Ra8 Rxe7 53. Kd6 Bxc4 54. Rh8 Re4 55. Rxh5 a5 0-1

[Event "COL-ch sf"]
[Site "Medellin"]
[Date "2018.03.17"]
[Round "6"]
[White "Ruiz Aguilar, Pablo Alexander"]
[Black "Agudelo, Carlos Hernan"]
[Result "1-0"]
[WhiteElo "2194"]
[BlackElo "2001"]
[PlyCount "79"]
[EventDate "2018.03.14"]
[EventType "swiss"]
[EventRounds "10"]
[EventCountry "COL"]
[SourceTitle "CBM 183 Extra"]
[Source "ChessBase"]
[SourceDate "2018.04.19"]
[SourceVersion "1"]
[SourceVersionDate "2018.04.19"]
[SourceQuality "1"]

1. e4 e6 2. d4 d5 3. Nd2 dxe4 4. Nxe4 Nf6 5. Nxf6+ Qxf6 6. Nf3 h6 7. Bd3 Bd6 8. 0-0 Bf4 9. Re1 Bxc1 10. Rxc1 0-0 11. Qe2 Nd7 12. Qe4 g6 13. h4 h5 14. Ne5 Rb8 15. Bb5 Rd8 16. Rcd1 Nxe5 17. dxe5 Qe7 18. Qe3 b6 19. Rd4 Rxd4 20. Qxd4 Bb7 21. Rd1 c6 22. Be2 Kf8 23. Qa4 a6 24. Rd6 Ke8 25. Bf3 b5 26. Qa5 Rc8 27. Qb6 Qc7 28. Qc5 Ba8 29. b4 Bb7 30. a3 Ba8 31. Be4 Bb7 32. g3 Qe7 33. c4 Kf8 34. Qe3 Kg7 35. c5 Kh7 36. Qf4 Kg7 37. Qf3 Rf8 38. Qd3 Rb8 39. Rd7 Qf8 40. Bxg6 1-0

[Event "COL-ch sf"]
[Site "Medellin"]
[Date "2018.03.16"]
[Round "5"]
[White "Agudelo, Carlos Hernan"]
[Black "Ojeda, Jesus David"]
[Result "1-0"]
[WhiteElo "2001"]
[BlackElo "2111"]
[PlyCount "65"]
[EventDate "2018.03.14"]
[EventType "swiss"]
[EventRounds "10"]
[EventCountry "COL"]
[SourceTitle "CBM 183 Extra"]
[Source "ChessBase"]
[SourceDate "2018.04.19"]
[SourceVersion "1"]
[SourceVersionDate "2018.04.19"]
[SourceQuality "1"]

1. d4 Nf6 2. Nf3 e6 3. c4 b6 4. Bg5 Bb7 5. Nc3 Be7 6. e3 d6 7. Bd3 0-0 8. 0-0 Nbd7 9. Rc1 c5 10. Bb1 a6 11. Qd3 Qc7 12. d5 e5 13. Nh4 Rfe8 14. Nf5 Bf8 15. Ne4 Nxe4 16. Qxe4 g6 17. Nh6+ Bxh6 18. Bxh6 Qd8 19. Qg4 Bc8 20. Qg3 b5 21. f4 exf4 22. Rxf4 Qe7 23. Rcf1 Ne5 24. Bg5 Qf8 25. Bf6 Ra7 26. Rh4 Nxc4 27. Rxh7 Kxh7 28. Rf4 Re5 29. Rh4+ Qh6 30. Rxh6+ Kxh6 31. Bxe5 Nxe5 32. Qh4+ Kg7 33. Qd8 1-0

[Event "COL-ch sf"]
[Site "Medellin"]
[Date "2018.03.16"]
[Round "4"]
[White "Florez Caceres, Rafael Omar"]
[Black "Agudelo, Carlos Hernan"]
[Result "0-1"]
[WhiteElo "1443"]
[BlackElo "2001"]
[PlyCount "48"]
[EventDate "2018.03.14"]
[EventType "swiss"]
[EventRounds "10"]
[EventCountry "COL"]
[SourceTitle "CBM 183 Extra"]
[Source "ChessBase"]
[SourceDate "2018.04.19"]
[SourceVersion "1"]
[SourceVersionDate "2018.04.19"]
[SourceQuality "1"]

1. e4 c5 2. Nf3 e6 3. d4 cxd4 4. Nxd4 Nf6 5. Nc3 Bb4 6. Bd3 d5 7. e5 Nfd7 8. f4 Nc6 9. Nxc6 bxc6 10. a3 Be7 11. Be3 c5 12. Ne2 c4 13. Bxc4 dxc4 14. c3 0-0 15. Nd4 Bb7 16. 0-0 Nc5 17. Qe2 Qd5 18. Rad1 Qe4 19. Rf3 Rfd8 20. Qxc4 Ba6 21. Qb4 Be2 22. Rdf1 Bxf1 23. Kxf1 Qb1+ 24. Kf2 Nd3+ 0-1

[Event "COL-ch sf"]
[Site "Medellin"]
[Date "2018.03.14"]
[Round "1"]
[White "Agudelo, Carlos Hernan"]
[Black "Cifuentes, John Jairo"]
[Result "1-0"]
[WhiteElo "2001"]
[BlackElo "2290"]
[PlyCount "77"]
[EventDate "2018.03.14"]
[EventType "swiss"]
[EventRounds "10"]
[EventCountry "COL"]
[SourceTitle "CBM 183 Extra"]
[Source "ChessBase"]
[SourceDate "2018.04.19"]
[SourceVersion "1"]
[SourceVersionDate "2018.04.19"]
[SourceQuality "1"]

1. d4 Nf6 2. Nf3 e6 3. c4 d5 4. Bg5 Bb4+ 5. Nc3 c6 6. Qb3 Qa5 7. a3 Bxc3+ 8. bxc3 Ne4 9. Bd2 Nd7 10. e3 0-0 11. Bd3 e5 12. 0-0 exd4 13. exd4 dxc4 14. Bxc4 Nb6 15. Bd3 Nxd2 16. Nxd2 Nd5 17. Rfc1 Nf4 18. Bf1 Nh3+ 19. gxh3 Qg5+ 20. Kh1 Qxd2 21. Rc2 Qf4 22. Re1 b6 23. Bg2 Bf5 24. Rce2 Rac8 25. Kg1 Be6 26. Qc2 Bd5 27. Bxd5 cxd5 28. Qd3 Rc6 29. Re3 h5 30. Rf3 Rg6+ 31. Rg3 Rxg3+ 32. hxg3 Qd6 33. Re5 g6 34. Qf3 Rd8 35. Rg5 Qxa3 36. Qxh5 Rd6 37. Qh6 Qxc3 38. Rg4 Re6 39. Rh4 1-0

[Event "Quindio-ch Amateur"]
[Site "Bolivar"]
[Date "2018.01.20"]
[Round "2.1"]
[White "Agudelo, Carlos Hernan"]
[Black "Velasquez, Andres Felipe"]
[Result "0-1"]
[WhiteElo "2001"]
[BlackElo "1846"]
[PlyCount "107"]
[EventDate "2018.01.20"]
[EventType "swiss"]
[EventRounds "5"]
[EventCountry "COL"]
[SourceTitle "EXT 2024"]
[Source "ChessBase"]
[SourceDate "2023.10.10"]
[SourceVersion "1"]
[SourceVersionDate "2023.10.10"]
[SourceQuality "1"]

1. b3 Nf6 2. Bb2 g6 3. f4 Bg7 4. Nf3 d6 5. e3 c5 6. Bd3 Nc6 7. 0-0 0-0 8. a3 Bd7 9. Ng5 Qc7 10. Nc3 a6 11. f5 Ne5 12. fxg6 Nxd3 13. gxf7+ Rxf7 14. cxd3 Rff8 15. Nd5 Qd8 16. Nf4 Bg4 17. Qe1 Qd7 18. h3 Bf5 19. e4 Bg6 20. Nxg6 hxg6 21. Qh4 e5 22. Rf2 Qe7 23. Raf1 Nh5 24. Qg4 Nf4 25. g3 Qxg5 26. gxf4 Qxg4+ 27. hxg4 exf4 28. Bxg7 Kxg7 29. Rxf4 Rxf4 30. Rxf4 Rh8 31. Kg2 Rh4 32. Kg3 Rh1 33. d4 cxd4 34. Kf2 Rh2+ 35. Ke1 d3 36. Rf2 Rh4 37. Rf4 g5 38. Rf3 Rxg4 39. Rxd3 Rxe4+ 40. Kf2 Re6 41. Kf3 Kf7 42. Rd4 Ke7 43. a4 Kd7 44. Rb4 Kc6 45. Rc4+ Kd5 46. Rb4 Re7 47. d3 Rg7 48. Kg4 Kc6 49. Rc4+ Kd7 50. Rb4 Ke6 51. Re4+ Kf6 52. Rd4 Rd7 53. Rd5 Ke6 54. Rd4 0-1